000
00306nam a22001217a 4500
008
160422b xxu||||| |||| 00| 0 eng d
020
_a
9780803625068
020
_a
0803625065
041
_a
eng
080
_a
618.2
245
_a
Nursing diagnoses in psychiatric nursing:
_c
Mary C. Townsend;
942
_2
udc
_c
BK
999
_c
1530
_d
1530